<?xml version="1.0" encoding="UTF-8"?>
<record
    xmlns:xsi="http://www.w3.org/2001/XMLSchema-instance"
    xsi:schemaLocation="http://www.loc.gov/MARC21/slim http://www.loc.gov/standards/marcxml/schema/MARC21slim.xsd"
    xmlns="http://www.loc.gov/MARC21/slim">

  <leader>00917nam a22002297a 4500</leader>
  <datafield tag="999" ind1=" " ind2=" ">
    <subfield code="c">4817</subfield>
    <subfield code="d">4817</subfield>
  </datafield>
  <controlfield tag="003">OSt</controlfield>
  <controlfield tag="005">20250826201203.0</controlfield>
  <controlfield tag="008">250826b           ||||| |||| 00| 0 eng d</controlfield>
  <datafield tag="020" ind1=" " ind2=" ">
    <subfield code="a">978-612-49725-0-8</subfield>
  </datafield>
  <datafield tag="040" ind1=" " ind2=" ">
    <subfield code="c">ENA</subfield>
  </datafield>
  <datafield tag="245" ind1="0" ind2="0">
    <subfield code="a">Orgullo de ser peruano : cr&#xF3;nicas de vida de compatriotas por elecci&#xF3;n / </subfield>
    <subfield code="c">edici&#xF3;n: Guido Canchari Obreg&#xF3;n ; redacci&#xF3;n: Rub&#xE9;n Quiroz &#xC1;vila</subfield>
  </datafield>
  <datafield tag="250" ind1=" " ind2=" ">
    <subfield code="a">Primera edici&#xF3;n</subfield>
  </datafield>
  <datafield tag="260" ind1=" " ind2=" ">
    <subfield code="a">Lima : </subfield>
    <subfield code="b">Superintendencia Nacional de Migraciones,</subfield>
    <subfield code="c">2024.</subfield>
  </datafield>
  <datafield tag="300" ind1=" " ind2=" ">
    <subfield code="a">133 p&#xE1;ginas : </subfield>
    <subfield code="b">ilustraciones en color ; </subfield>
    <subfield code="c">22 x 30 cm.</subfield>
  </datafield>
  <datafield tag="650" ind1=" " ind2=" ">
    <subfield code="a">Empresarios</subfield>
    <subfield code="z">Per&#xFA;</subfield>
    <subfield code="x">An&#xE9;cdotas.</subfield>
    <subfield code="9">6234</subfield>
  </datafield>
  <datafield tag="650" ind1=" " ind2=" ">
    <subfield code="a">Aptitud creadora en los negocios </subfield>
    <subfield code="z">Per&#xFA;.</subfield>
    <subfield code="9">6235</subfield>
  </datafield>
  <datafield tag="650" ind1=" " ind2=" ">
    <subfield code="a">Inmigrantes </subfield>
    <subfield code="z">Per&#xFA; </subfield>
    <subfield code="x">An&#xE9;cdotas.</subfield>
    <subfield code="9">6236</subfield>
  </datafield>
  <datafield tag="650" ind1=" " ind2=" ">
    <subfield code="a">Capacidad empresarial</subfield>
    <subfield code="z">Per&#xFA;.</subfield>
    <subfield code="9">6237</subfield>
  </datafield>
  <datafield tag="700" ind1=" " ind2=" ">
    <subfield code="a">Canchari Obreg&#xF3;n, Guido, 1975-</subfield>
    <subfield code="e">editor.</subfield>
    <subfield code="9">6238</subfield>
  </datafield>
  <datafield tag="700" ind1=" " ind2=" ">
    <subfield code="a">Quiroz &#xC1;vila, Rub&#xE9;n, 1974-</subfield>
    <subfield code="e">redactor.</subfield>
    <subfield code="9">6239</subfield>
  </datafield>
  <datafield tag="942" ind1=" " ind2=" ">
    <subfield code="c">LIB</subfield>
  </datafield>
  <datafield tag="952" ind1=" " ind2=" ">
    <subfield code="0">0</subfield>
    <subfield code="1">0</subfield>
    <subfield code="4">0</subfield>
    <subfield code="7">0</subfield>
    <subfield code="a">DAH</subfield>
    <subfield code="b">DAH</subfield>
    <subfield code="c">GEN</subfield>
    <subfield code="d">2025-08-26</subfield>
    <subfield code="e">Donativo</subfield>
    <subfield code="g">200.00</subfield>
    <subfield code="o">DAH 7614.1</subfield>
    <subfield code="p">DAH25080004</subfield>
    <subfield code="r">2025-08-26</subfield>
    <subfield code="t">1</subfield>
    <subfield code="w">2025-08-26</subfield>
    <subfield code="y">LIB</subfield>
  </datafield>
</record>
